| 000 | 01334nam0a22002771 4500 | ||
|---|---|---|---|
| 001 | rc\2193893 | ||
| 005 | 20110829164401.4 | ||
| 035 | _a(NLR Aleph) 006510452 | ||
| 090 |
_a6324740 _c6324740 |
||
| 100 | _a20110829d1979 |||y0rusy50 ca | ||
| 101 | 0 | _arus | |
| 102 | _aRU | ||
| 105 | _ay z ||||| | ||
| 200 | 1 |
_aМетодические рекомендации по планированию производства бетонных смесей на заводах ДСК _fНИИ автоматизир. систем планир. и управления в стр-ве _g[Разраб. Н.Н. Клименюк, С.И. Шмелькина, И.М. Пахно и др.] |
|
| 210 |
_aКиев _cНИИАСС _d1979 |
||
| 215 |
_a55 с. _d20 |
||
| 606 |
_aБетонные заводы _xПланирование _xМатематические методы _2psbo |
||
| 702 | 1 |
_aШмелькина _bС. И. _4220 |
|
| 702 | 1 |
_aПахно _bИ. М. _4220 |
|
| 702 | 1 |
_aКлименюк _bН. Н. _gНиколай Николаевич _4220 |
|
| 712 | 0 | 2 |
_aНИИ автоматизированных систем планирования и управления в строительстве _cКиев _3RU\NLR\AUTH\889937026 |
| 801 | 0 |
_aRU _bNLR _gpsbo |
|
| 801 | 1 |
_aRU _bELAR _2rusmarc |
|
| 852 |
_aNLR _j79-4/25003 |
||
| 942 | _cBOOK | ||
| 980 | _aNB | ||